<?xml version="1.0" encoding="UTF-8"?><?xml-stylesheet type="text/xsl" href="static/style.xsl"?><OAI-PMH xmlns="http://www.openarchives.org/OAI/2.0/" xmlns:xsi="http://www.w3.org/2001/XMLSchema-instance" xsi:schemaLocation="http://www.openarchives.org/OAI/2.0/ http://www.openarchives.org/OAI/2.0/OAI-PMH.xsd"><responseDate>2026-04-29T09:13:06Z</responseDate><request verb="GetRecord" identifier="oai:riubu.ubu.es:10259/4551" metadataPrefix="marc">https://riubu.ubu.es/oai/request</request><GetRecord><record><header><identifier>oai:riubu.ubu.es:10259/4551</identifier><datestamp>2024-07-18T07:43:05Z</datestamp><setSpec>com_10259_9427</setSpec><setSpec>com_10259_5087</setSpec><setSpec>com_10259_2728</setSpec><setSpec>col_10259_9428</setSpec></header><metadata><record xmlns="http://www.loc.gov/MARC21/slim" xmlns:doc="http://www.lyncode.com/xoai" xmlns:xsi="http://www.w3.org/2001/XMLSchema-instance" xmlns:dcterms="http://purl.org/dc/terms/" xsi:schemaLocation="http://www.loc.gov/MARC21/slim http://www.loc.gov/standards/marcxml/schema/MARC21slim.xsd">
<leader>00925njm 22002777a 4500</leader>
<datafield tag="042" ind1=" " ind2=" ">
<subfield code="a">dc</subfield>
</datafield>
<datafield tag="720" ind1=" " ind2=" ">
<subfield code="a">Ramos Pascual, Cristina</subfield>
<subfield code="e">author</subfield>
</datafield>
<datafield tag="520" ind1=" " ind2=" ">
<subfield code="a">¿Es importante la inteligencia emocional en las aulas de Educación Primaria? Son muchos los que creen en la necesidad de la IE como elemento fundamental del currículo, sin embargo, esta enseñanza no forma parte de él. En el presente trabajo se encuentran diversos apartados, cuya finalidad es apoyar la propuesta final del Programa CEPI (Con El Pie Izquierdo), el cual se basa en la inteligencia emocional como herramienta de prevención al acoso escolar, con el propósito de iniciar a los niños en esta área, desarrollando así sus habilidades intrapersonales e interpersonales, conociéndose a sí mismos, controlando sus impulsos, mejorando su autonomía personal y sus habilidades sociales, estrechando así los lazos grupales en los centros educativos.</subfield>
</datafield>
<datafield tag="520" ind1=" " ind2=" ">
<subfield code="a">Is Emotional Intelligence important in Primary School classrooms? It is thought that the EI should be included in the compulsory national curriculum as an essential element of it. Nevertheless, it has not been covered yet. In the present work, you can find several parts supporting the final proposal of the CEPI Project, which is based on the EI as a tool to prevent bullying, following the purpose of teaching children in order to develop their intrapersonal and interpersonal skills, to be able to understand themselves, control their urges, improve their personal autonomy and social aptitudes, with the aim of strengthening ties between the educational community.</subfield>
</datafield>
<datafield tag="024" ind2=" " ind1="8">
<subfield code="a">http://hdl.handle.net/10259/4551</subfield>
</datafield>
<datafield ind1=" " ind2=" " tag="653">
<subfield code="a">Educación Primaria</subfield>
</datafield>
<datafield ind1=" " ind2=" " tag="653">
<subfield code="a">Acoso escolar</subfield>
</datafield>
<datafield ind1=" " ind2=" " tag="653">
<subfield code="a">Inteligencia emocional</subfield>
</datafield>
<datafield ind1=" " ind2=" " tag="653">
<subfield code="a">Programa educativo</subfield>
</datafield>
<datafield ind1=" " ind2=" " tag="653">
<subfield code="a">Primary Education</subfield>
</datafield>
<datafield ind1=" " ind2=" " tag="653">
<subfield code="a">Bullying</subfield>
</datafield>
<datafield ind1=" " ind2=" " tag="653">
<subfield code="a">Emotional Intelligence</subfield>
</datafield>
<datafield ind1=" " ind2=" " tag="653">
<subfield code="a">Educational Project</subfield>
</datafield>
<datafield tag="245" ind1="0" ind2="0">
<subfield code="a">Con el pie izquierdo: programa de inteligencia emocional como herramienta contra el acoso escolar</subfield>
</datafield>
</record></metadata></record></GetRecord></OAI-PMH>